Cấu trúc và lập trình các hệ xử lý tín hiệu số

Đã lưu trong:
书目详细资料
主要作者: Nguyễn Tăng Cường
格式: 图书
语言:Undetermined
出版: H. KHKT 2004
主题:
标签: 添加标签
没有标签, 成为第一个标记此记录!
Thư viện lưu trữ: Trung tâm Học liệu Trường Đại học Cần Thơ
LEADER 00616nam a2200193Ia 4500
001 CTU_60237
008 210402s9999 xx 000 0 und d
020 |b 62000 
082 |a 005.133 
082 |b C561 
100 |a Nguyễn Tăng Cường 
245 0 |a Cấu trúc và lập trình các hệ xử lý tín hiệu số 
245 0 |c Nguyễn Tăng Cường và Phan Quốc Thắng 
260 |a H. 
260 |b KHKT 
260 |c 2004 
650 |a programming languages ( electronic computers ) 
904 |i Minh 
980 |a Trung tâm Học liệu Trường Đại học Cần Thơ